Welcome to the Holygrace Academy Library

Please use search bar below to get started

ALLADIN& THE MAGIC LAMP (Record no. 8797)

MARC details
000 -LEADER
fixed length control field 00256nam a22001097a 4500
082 ## - DEWEY DECIMAL CLASSIFICATION NUMBER
Classification number 823
Item number ALA
100 ## - MAIN ENTRY--AUTHOR NAME
Personal name UNKNOWN
245 ## - TITLE STATEMENT
Title ALLADIN& THE MAGIC LAMP
246 ## - VARYING FORM OF TITLE
Title proper/short title ALLADIN& THE MAGIC LAMP
Remainder of title ALLADIN& THE MAGIC LAMP
650 ## - SUBJECT ADDED ENTRY--TOPICAL TERM
Topical Term ENGLISH STORY
942 ## - ADDED ENTRY ELEMENTS (KOHA)
Koha item type Books
Holdings
Withdrawn status Lost status Collection code Home library Current library Date acquired Full call number Accession Number Koha item type
  Lost Fiction Main Library Main Library 24/07/2024 823 ALA 00598 Books